Daňové špeciality v riešení - zdaňovanie bitcoinov - novinka s otáznikmi

Daňový režim bitcoinov. Praktické príklady.

Enregistré dans:
Détails bibliographiques
Auteur principal: Burák, Emil
Format: Chapitre de livre
Langue:slovaque
Sujets:
Tags: Ajouter un tag
Pas de tags, Soyez le premier à ajouter un tag!

MARC

LEADER 00000naa a2200000 4500
001 0241870
005 20180411110802.4
041 0 |a slo 
044 |a SK 
245 1 0 |a Daňové špeciality v riešení - zdaňovanie bitcoinov - novinka s otáznikmi  |c Emil Burák 
520 |a Daňový režim bitcoinov. Praktické príklady. 
610 2 0 |a mena virtuálna 
610 2 0 |a zdaňovanie 
610 2 0 |a systémy daňové 
610 2 0 |a volatilita 
100 1 |a Burák, Emil